00302nam a2200097Ia 4500008004100000020001800041100002300059245006700082260004100149300001400190180116s9999 xx 000 0 und d a9781451151770 aCardeñosa, Gilda cGilda CardeñosaaClinical Breast Imaging :bthe essentials / aPA, USAbWolters Kluwer Healthc2015 a460 pages